[Event "Gibraltar Amateur op-B"]
[Site "Caleta"]
[Date "2019.01.26"]
[Round "1"]
[White "Deus, Pedro"]
[Black "Maloney, Harry"]
[Result "1-0"]
[WhiteElo "1729"]
[BlackElo "1465"]
[PlyCount "39"]
[EventDate "2019.01.26"]
[EventType "swiss"]
[EventRounds "5"]
[EventCountry "GGB"]
[SourceTitle "EXT 2021"]
[Source "ChessBase"]
[SourceDate "2020.10.23"]
[SourceVersion "1"]
[SourceVersionDate "2020.10.23"]
[SourceQuality "1"]

1. e4 c5 2. c3 d5 3. exd5 Qxd5 4. d4 c4 5. Na3 b5 6. b3 cxb3 7. Nxb5 Na6 8. axb3 Qe4+ 9. Be3 Qc6 10. Nf3 f6 11. d5 Qd7 12. Nxa7 Bb7 13. Bb5 Qxb5 14. Nxb5 Rd8 15. Rxa6 Rxd5 16. Nc7+ Kf7 17. Nxd5 Bxa6 18. Nc7 Bb7 19. Qd7 h6 20. Qe8# 1-0